Sébastian Roché, Le frisson de l’émeute, violence urbaine des banlieues, Seuil, 2006, 222 p., 16 € (notice n° 1641754)
[ vue normale ]
| 000 -LEADER | |
|---|---|
| fixed length control field | 00675cam a2200157 4500500 |
| 005 - DATE AND TIME OF LATEST TRANSACTION | |
| control field | 20260201115213.0 |
| 041 ## - LANGUAGE CODE | |
| Language code of text/sound track or separate title | fre |
| 042 ## - AUTHENTICATION CODE | |
| Authentication code | dc |
| 100 10 - MAIN ENTRY--PERSONAL NAME | |
| Personal name | Heriard Dubreuil, Bertrand |
| Relator term | author |
| 245 00 - TITLE STATEMENT | |
| Title | Sébastian Roché, Le frisson de l’émeute, violence urbaine des banlieues, Seuil, 2006, 222 p., 16 € |
| 260 ## - PUBLICATION, DISTRIBUTION, ETC. | |
| Date of publication, distribution, etc. | 2007.<br/> |
| 500 ## - GENERAL NOTE | |
| General note | 82 |
| 520 ## - SUMMARY, ETC. | |
| Summary, etc. | Resumé Ferdinando Fava, Banlieue de Palerme, une version sicilienne de l’exclusion urbaine, l’Harmattan, 2007, 382 p., 31 € |
| 786 0# - DATA SOURCE ENTRY | |
| Note | Revue Projet | 300 | 5 | 2007-08-01 | p. 092f-094f | 0033-0884 |
| 856 41 - ELECTRONIC LOCATION AND ACCESS | |
| Uniform Resource Identifier | <a href="https://shs.cairn.info/revue-projet-2007-5-page-092f?lang=fr&redirect-ssocas=7080">https://shs.cairn.info/revue-projet-2007-5-page-092f?lang=fr&redirect-ssocas=7080</a> |
Pas d'exemplaire disponible.




Réseaux sociaux